| 000 | 00000nam 2200000zi 4500 |
| 001 | 9.941167 |
| 003 | CaOODSP |
| 005 | 20240726152853 |
| 006 | m o d f |
| 007 | cr |n||||||||| |
| 008 | 240726s2014 onc o f|0| 0 fre d |
| 040 | |aCaOODSP|bfre|erda|cCaOODSP |
| 043 | |an-cn--- |
| 086 | 1 |aIN4-60/2014F-PDF |
| 245 | 00|aRapport d’audit interne sur le Secteur de la réglementation : |bDivision des régimes de retraite privés. |
| 246 | 37|aRapport d’audit sur la Division des régimes de retraite privés |
| 264 | 1|a[Ottawa] : |bBureau du surintendant des institutions financières Canada = Office of the Superintendant of Financial Institutions Canada, |c[2014] |
| 300 | |a1 ressource en ligne (18 pages) |
| 336 | |atexte|btxt|2rdacontent/fre |
| 337 | |ainformatique|bc|2rdamedia/fre |
| 338 | |aressource en ligne|bcr|2rdacarrier/fre |
| 500 | |aPublié aussi en anglais sous le titre : Internal audit report on Regulation Sector: Private Pension Plans Division. |
| 610 | 26|aBureau du surintendant des institutions financières Canada|xAudit. |
| 650 | 6|aPensions|zCanada|xGestion|xAudit. |
| 710 | 2 |aBureau du surintendant des institutions financières Canada, |eorganisme de publication. |
| 775 | 08|tInternal audit report on Regulation Sector : |w(CaOODSP)9.940510 |
| 856 | 40|qPDF|s588 Ko|uhttps://publications.gc.ca/collections/collection_2024/bsif-osfi/IN4-60-2014-fra.pdf |